| 000 | 00558nam a2200145Ia 4500 | ||
|---|---|---|---|
| 008 | 100204s9999 xx 000 0 und d | ||
| 082 | _b13490 | ||
| 100 | _aमुल्ला ए. आर. | ||
| 245 | _aसहजमार्ग एका नवा उन्मेष | ||
| 260 |
_b"सहज साहित्य प्रकाशन, पुणे" _c1990 |
||
| 300 | _a168 | ||
| 630 | _aसहजमार्ग एका नवा उन्मेष | ||
| 730 | _aसहजमार्ग एका नवा उन्मेष | ||
| 942 | _cBOOK | ||
| 999 |
_c457922 _d457919 |
||